<?xml version="1.0" encoding="UTF-8"?>
<record
    xmlns:xsi="http://www.w3.org/2001/XMLSchema-instance"
    xsi:schemaLocation="http://www.loc.gov/MARC21/slim http://www.loc.gov/standards/marcxml/schema/MARC21slim.xsd"
    xmlns="http://www.loc.gov/MARC21/slim">

  <leader>00784nam a22001577a 4500</leader>
  <controlfield tag="003">OSt</controlfield>
  <controlfield tag="005">20151025134951.0</controlfield>
  <controlfield tag="008">151025b        xxu||||| |||| 00| 0 eng d</controlfield>
  <datafield tag="040" ind1=" " ind2=" ">
    <subfield code="c">RUA </subfield>
  </datafield>
  <datafield tag="082" ind1=" " ind2=" ">
    <subfield code="a">AVM VAN 2013 B107 Or.1</subfield>
  </datafield>
  <datafield tag="100" ind1=" " ind2=" ">
    <subfield code="9">2861</subfield>
    <subfield code="a">VANN PANHA</subfield>
  </datafield>
  <datafield tag="245" ind1=" " ind2=" ">
    <subfield code="a">Study on effectivness of mebendazole and pyrantel on parasith in gastro-intestinal track of cattle in stung treng, stung treng province, (&#x1780;&#x17B6;&#x179A;&#x179F;&#x17B7;&#x1780;&#x17D2;&#x179F;&#x17B6;&#x1796;&#x17B8;&#x1794;&#x17D2;&#x179A;&#x179F;&#x17B7;&#x1791;&#x17D2;&#x1792;&#x1797;&#x17B6;&#x1796; Mebendazole &#x1793;&#x17B7;&#x1784; pyrantel &#x179B;&#x17BE;&#x1794;&#x179A;&#x17B6;&#x179F;&#x17B7;&#x178F;&#x1793;&#x17C5;&#x1780;&#x17D2;&#x1793;&#x17BB;&#x1784;&#x1780;&#x17D2;&#x179A;&#x1796;&#x17C7;&#x1796;&#x17C4;&#x17C7;&#x179C;&#x17C0;&#x1793;&#x1782;&#x17C4; &#x1793;&#x17C5;&#x179F;&#x17D2;&#x179A;&#x17BB;&#x1780;&#x179F;&#x17D2;&#x1791;&#x17B9;&#x1784;&#x178F;&#x17D2;&#x179A;&#x17C2;&#x1784;&#x200B; &#x1781;&#x17C1;&#x178F;&#x17D2;&#x178F;&#x179F;&#x17D2;&#x1791;&#x17B9;&#x1784;&#x178F;&#x17D2;&#x179A;&#x17C2;&#x1784;)</subfield>
  </datafield>
  <datafield tag="260" ind1=" " ind2=" ">
    <subfield code="a">Phom Penh </subfield>
    <subfield code="b">Rua </subfield>
    <subfield code="c">2013</subfield>
  </datafield>
  <datafield tag="300" ind1=" " ind2=" ">
    <subfield code="a">x; 50p.</subfield>
    <subfield code="b">ill.</subfield>
    <subfield code="c">29cm.</subfield>
  </datafield>
  <datafield tag="942" ind1=" " ind2=" ">
    <subfield code="2">ddc</subfield>
    <subfield code="c">AVM</subfield>
  </datafield>
  <datafield tag="999" ind1=" " ind2=" ">
    <subfield code="c">2679</subfield>
    <subfield code="d">2679</subfield>
  </datafield>
  <datafield tag="952" ind1=" " ind2=" ">
    <subfield code="0">0</subfield>
    <subfield code="1">0</subfield>
    <subfield code="2">ddc</subfield>
    <subfield code="4">0</subfield>
    <subfield code="6">AVM_VAN_2013_000000000000000_B107_OR_1</subfield>
    <subfield code="7">0</subfield>
    <subfield code="9">12652</subfield>
    <subfield code="a">LBB</subfield>
    <subfield code="b">LBB</subfield>
    <subfield code="c">B107</subfield>
    <subfield code="d">2015-10-25</subfield>
    <subfield code="o">AVM VAN 2013 B107 Or.1</subfield>
    <subfield code="p">RUA015517</subfield>
    <subfield code="r">2015-10-25</subfield>
    <subfield code="w">2015-10-25</subfield>
    <subfield code="y">AVM</subfield>
  </datafield>
  <datafield tag="952" ind1=" " ind2=" ">
    <subfield code="0">0</subfield>
    <subfield code="1">0</subfield>
    <subfield code="2">ddc</subfield>
    <subfield code="4">0</subfield>
    <subfield code="6">AVM_VAN_2013_000000000000000_B107_OR_2</subfield>
    <subfield code="7">0</subfield>
    <subfield code="9">12653</subfield>
    <subfield code="a">LBB</subfield>
    <subfield code="b">LBB</subfield>
    <subfield code="c">B107</subfield>
    <subfield code="d">2015-10-25</subfield>
    <subfield code="l">3</subfield>
    <subfield code="o">AVM VAN 2013 B107 Or.2</subfield>
    <subfield code="p">RUA015302</subfield>
    <subfield code="r">2016-08-15</subfield>
    <subfield code="s">2016-08-12</subfield>
    <subfield code="w">2015-10-25</subfield>
    <subfield code="y">AVM</subfield>
  </datafield>
  <datafield tag="952" ind1=" " ind2=" ">
    <subfield code="0">0</subfield>
    <subfield code="1">0</subfield>
    <subfield code="2">ddc</subfield>
    <subfield code="4">0</subfield>
    <subfield code="6">AVM_VAN_2013_000000000000000_B107_OR_3</subfield>
    <subfield code="7">0</subfield>
    <subfield code="9">12654</subfield>
    <subfield code="a">LBB</subfield>
    <subfield code="b">LBB</subfield>
    <subfield code="c">B107</subfield>
    <subfield code="d">2015-10-25</subfield>
    <subfield code="l">1</subfield>
    <subfield code="o">AVM VAN 2013 B107 Or.3</subfield>
    <subfield code="p">RUA008921</subfield>
    <subfield code="r">2019-12-30</subfield>
    <subfield code="s">2019-12-03</subfield>
    <subfield code="w">2015-10-25</subfield>
    <subfield code="y">AVM</subfield>
  </datafield>
  <datafield tag="952" ind1=" " ind2=" ">
    <subfield code="0">0</subfield>
    <subfield code="1">0</subfield>
    <subfield code="2">ddc</subfield>
    <subfield code="4">0</subfield>
    <subfield code="6">AVM_VAN_2013_000000000000000_B107_OR_4</subfield>
    <subfield code="7">0</subfield>
    <subfield code="9">12655</subfield>
    <subfield code="a">LBB</subfield>
    <subfield code="b">LBB</subfield>
    <subfield code="c">B107</subfield>
    <subfield code="d">2015-10-25</subfield>
    <subfield code="o">AVM VAN 2013 B107 Or.4</subfield>
    <subfield code="p">RUA008993</subfield>
    <subfield code="r">2015-10-25</subfield>
    <subfield code="w">2015-10-25</subfield>
    <subfield code="y">AVM</subfield>
  </datafield>
  <datafield tag="952" ind1=" " ind2=" ">
    <subfield code="0">0</subfield>
    <subfield code="1">0</subfield>
    <subfield code="2">ddc</subfield>
    <subfield code="4">0</subfield>
    <subfield code="6">AVM_VAN_2013_000000000000000_B107_OR_5</subfield>
    <subfield code="7">0</subfield>
    <subfield code="9">12656</subfield>
    <subfield code="a">LBB</subfield>
    <subfield code="b">LBB</subfield>
    <subfield code="c">B107</subfield>
    <subfield code="d">2015-10-25</subfield>
    <subfield code="l">1</subfield>
    <subfield code="o">AVM VAN 2013 B107 Or.5</subfield>
    <subfield code="p">RUA008822</subfield>
    <subfield code="r">2018-10-02</subfield>
    <subfield code="s">2018-09-25</subfield>
    <subfield code="w">2015-10-25</subfield>
    <subfield code="y">AVM</subfield>
  </datafield>
  <datafield tag="952" ind1=" " ind2=" ">
    <subfield code="0">0</subfield>
    <subfield code="1">0</subfield>
    <subfield code="2">ddc</subfield>
    <subfield code="4">0</subfield>
    <subfield code="6">AVM_VAN_2013_000000000000000_B107_OR_6</subfield>
    <subfield code="7">0</subfield>
    <subfield code="9">12657</subfield>
    <subfield code="a">LBB</subfield>
    <subfield code="b">LBB</subfield>
    <subfield code="c">B107</subfield>
    <subfield code="d">2015-10-25</subfield>
    <subfield code="o">AVM VAN 2013 B107 Or.6</subfield>
    <subfield code="p">RUA008894</subfield>
    <subfield code="r">2015-10-25</subfield>
    <subfield code="w">2015-10-25</subfield>
    <subfield code="y">AVM</subfield>
  </datafield>
  <datafield tag="952" ind1=" " ind2=" ">
    <subfield code="0">0</subfield>
    <subfield code="1">0</subfield>
    <subfield code="2">ddc</subfield>
    <subfield code="4">0</subfield>
    <subfield code="6">AVM_VAN_2013_000000000000000_B107_OR_7</subfield>
    <subfield code="7">0</subfield>
    <subfield code="9">12658</subfield>
    <subfield code="a">LBB</subfield>
    <subfield code="b">LBB</subfield>
    <subfield code="c">B107</subfield>
    <subfield code="d">2015-10-25</subfield>
    <subfield code="o">AVM VAN 2013 B107 Or.7</subfield>
    <subfield code="p">RUA008750</subfield>
    <subfield code="r">2015-10-25</subfield>
    <subfield code="w">2015-10-25</subfield>
    <subfield code="y">AVM</subfield>
  </datafield>
  <datafield tag="952" ind1=" " ind2=" ">
    <subfield code="0">0</subfield>
    <subfield code="1">0</subfield>
    <subfield code="2">ddc</subfield>
    <subfield code="4">0</subfield>
    <subfield code="6">AVM_VAN_2013_000000000000000_B1_238_OR_1</subfield>
    <subfield code="7">0</subfield>
    <subfield code="9">79166</subfield>
    <subfield code="a">LBB</subfield>
    <subfield code="b">LBB</subfield>
    <subfield code="c">B1.238</subfield>
    <subfield code="d">2019-06-29</subfield>
    <subfield code="o">AVM VAN 2013 B1.238 Or.1</subfield>
    <subfield code="p">A36337</subfield>
    <subfield code="r">2019-06-29</subfield>
    <subfield code="w">2019-06-29</subfield>
    <subfield code="y">AVM</subfield>
  </datafield>
</record>
